La condición borde urbano-natural : experiencia en el distrito de Los Guido Desamparados
Guardat en:
| Autor principal: | |
|---|---|
| Altres autors: | , , |
| Format: | Desconegut |
| Idioma: | Spanish |
| Publicat: |
[San José, Costa Rica]
2015
|
| Matèries: | |
| Etiquetes: |
Afegir etiqueta
Sense etiquetes, Sigues el primer a etiquetar aquest registre!
|
MARC
| LEADER | 00000 a2200000 4500 | ||
|---|---|---|---|
| 003 | EA0122 | ||
| 005 | 20230223105651.0 | ||
| 008 | 140114s2015 cr a 000 ||spa d | ||
| 040 | |c cru CEDI | ||
| 090 | |a TFG EA-122 | ||
| 100 | |a Arango Berrocal, Alejandro |9 20207 | ||
| 245 | |a La condición borde urbano-natural : experiencia en el distrito de Los Guido Desamparados | ||
| 260 | |a [San José, Costa Rica] |c 2015 | ||
| 500 | |a Seminario de graduación (licenciatura en arquitectura)--Universidad de Costa Rica. Facultad de Ingeniería. Escuela de Arquitectura | ||
| 501 | |a Director de Seminario de Graduación: Arq. Javier Vargas Nieto | ||
| 650 | |x LOS GUIDO (DESAMPARADOS, SAN JOSE, COSTA RICA) |x ASENTAMIENTOS URBANOS - LOS GUIDO (DESAMPARADOS, SAN JOSE, COSTA RICA) |9 20051 | ||
| 700 | |9 20208 |a González Segura, Verónica | ||
| 700 | |9 20209 |a Sopronyi Kamarás, Andrea | ||
| 700 | |9 109 |a Vargas Nieto, Javier, 1953- |d Director del TFG | ||
| 942 | |c CEDI |2 ddc | ||
| 999 | |c 12923 |d 12923 | ||
